000 00223 a2200097 4500
001 58515
100 _a
245 _aSuccessful childrens successful teaching
260 _aUK
_bOpen Unviersity
_c1998
090 _c35887
_d35887
942 _aNUST-CAE
_c
_c28765
999 _c293588
_d293588